书目信息 |
| 题名: |
我与世界只差一个你
|
|
| 作者: | 张皓宸 著 | |
| 分册: | ||
| 出版信息: | 天津 天津人民出版社 2015.04 |
|
| 页数: | 292页 | |
| 开本: | 21cm | |
| 丛书名: | ||
| 单 册: | ||
| 中图分类: | I247.7 | |
| 科图分类: | ||
| 主题词: | 小说--中国 | |
| 电子资源: | ||
| ISBN: | 7-201-09188-3 | |
| 000 | 00582nam0 2200193 450 | |
| 001 | 1527954089 | |
| 005 | 20151111074720.38 | |
| 010 | @a7-201-09188-3@dCNY36.00 | |
| 100 | @a20151111d2015 km y0chiy0120 ea | |
| 101 | 0 | @achi |
| 102 | @aCN@b120000 | |
| 200 | 1 | @a我与世界只差一个你@Awo yu shi jie zhi cha yi ge ni@f张皓宸著@Fzhang hao chen zhu |
| 210 | @a天津@c天津人民出版社@d2015.04 | |
| 215 | @a292页@d21cm | |
| 606 | 0 | @a小说@x中国 |
| 690 | @aI247.7@v4 | |
| 701 | 0 | @a张皓宸@Azhang hao chen@4著 |
| 801 | 0 | @aCN@b大连网信软件有限公司图书馆·11@c20151111 |
| 905 | @aZUCC@dI247.7@eZ110 | |
| 我与世界只差一个你/张皓宸著.-天津:天津人民出版社,2015.04 |
| 292页;21cm |
| ISBN 7-201-09188-3:CNY36.00 |
| ● |
| 相关链接 |
|
|
|
正题名:我与世界只差一个你
索取号:I247.7/Z110
 
预约/预借
| 序号 | 登录号 | 条形码 | 馆藏地/架位号 | 状态 | 备注 |
| 1 | 497692 | 204976927 | 文学库108/108文学库 62排2列4层/ [索取号:I247.7/Z110] | 在馆 |